000 00435nam a2200157 a 4500
001 000006256
005 20200929153916.0
008 090827s1969 dr 001 0 spa d
040 _aDO-SdBNP
082 _axxx
_bP298r
100 1 _aPatín, Manuel M.
_917471
245 1 0 _aRegímenes y sistemas bancarios /
_cManuel M. Patín.
260 _aSanto Domingo :
_bLibrería Dominicana,
_c1969.
300 _a369 p. ;
_c20 cm.
049 _aBNPD
999 _c6051
_d6051